00465nam a2200145Ia 4500008004100000041000800041082001200049100001800061245002900079260003500108300003000143365001100173999001700184952011800201240624s9999 xx 000 0 und d aeng a828 KES aKESAVAN MUKUL aHOMELESS ON GOOGLE EARTH c2014aRaikhetbPermanent Black aix, : 314 : p. : cm. ; 21 cRSb31 c27606d27606 00104070aIMTNbIMTNcRack 42-Ad2016-05-03eAPg595.00o828 KESp27606r2024-06-24 00:00:00t1w2024-06-24yBK